|
|
|
|
| LEADER |
01354nam a2200349Ia 4500 |
| 001 |
RUT00RU7052PDF |
| 003 |
FlBoTFG |
| 005 |
20090717103238.0 |
| 006 |
a|||||s||||||||||| |
| 007 |
cr|||| |
| 008 |
090609s2001 ne a sb 000 0 eng d |
| 020 |
|
|
|a 9780203505656 (e-book : PDF)
|
| 040 |
|
|
|a FlBoTFG
|c FlBoTFG
|d GrThAP
|
| 090 |
|
|
|a K3820
|b .L39 2001
|
| 092 |
|
|
|a 341.75
|b L415
|
| 245 |
0 |
0 |
|a Law and economics in civil law countries
|h [electronic resource] /
|c edited by Bruno Deffains, Thierry Kirat.
|
| 250 |
|
|
|a 1st ed.
|
| 260 |
|
|
|a Amsterdam :
|b JAI,
|c 2001.
|
| 300 |
|
|
|a xi, 248 p. :
|b ill.
|
| 490 |
1 |
|
|a The economics of legal relationships ;
|v 6
|
| 504 |
|
|
|a Includes bibliographical references.
|
| 505 |
0 |
|
|a pt. 1. The relevance of law and economics for research into codified law systems -- pt. 2. Legal-economic analysis of legal issues in a European context.
|
| 530 |
|
|
|a Also available in print edition.
|b CRC Press (http://www.crcpress.com)
|
| 538 |
|
|
|a Mode of access: World Wide Web.
|
| 650 |
|
0 |
|a Law and economic development.
|
| 650 |
|
0 |
|a Law
|x Economic aspects.
|
| 655 |
|
7 |
|a Electronic books.
|2 lcsh
|
| 700 |
1 |
|
|a Deffains, Bruno.
|
| 700 |
1 |
|
|a Kirat, Thierry.
|
| 776 |
1 |
|
|z 9780762307128
|
| 830 |
|
0 |
|a Economics of legal relationships ;
|v 6.
|
| 856 |
4 |
0 |
|u http://www.tandfebooks.com/isbn/9780203505656
|z Full Text via HEAL-Link
|